| 000 | 00828 a2200181 4500 | ||
|---|---|---|---|
| 003 | Nust | ||
| 005 | 20221207091444.0 | ||
| 040 | _cNust | ||
| 082 | _a621.382,COA | ||
| 100 |
_aR.F.W.Coates _9104303 |
||
| 245 |
_aModern Communication Systems / _cR.F.W.Coates |
||
| 250 | _a2nd ed | ||
| 260 |
_aLondon, _bThe Macmillan _c1975 |
||
| 300 | _a398p | ||
| 505 | _aThe Analysis and Synthesis of Waveforms (Page-1), The Information Source and Communication Channel (Page-60), Envelope Modulation (Page-90), Angle Modulation (Page-123), Composite Modulation (Page-166), Sampling and Pulse Code Modulation (Page-182), Coding for Error Protection and Security (Page-245), The Transmission of Digital Signals (Page-296), The Integrated Services Digital Network (Page-347). | ||
| 650 | _aTelecommunication Engineering | ||
| 942 |
_2ddc _cBK |
||
| 999 |
_c193577 _d193577 |
||